000 01113nas a2200301 4500
001 BR8201381
003 BR-BrBNA
005 20231205085056.0
007 ta
008 230509b bl.|||p| |||| 00| 00por d
040 _aBR-BrBNA
_bpor
_cBiblioteca Nacional de Agricultura
041 _a(Pt)
072 _aH00
100 1 _aLara, W.H.
100 1 _aBarretto, H.H.C.
100 1 _aVarella-Garcia, M.
245 1 _aNiveis de dieldrin em sangue de aplicadores de aldrin na regiao de Sao Jose do Rio Preto, Sao Paulo [Inseticida; Residuo quimico; Intoxicacao; Brasil]
246 1 _aDieldrin levels in the blood of farm workers applying aldrin, in Sao Jose do Rio Preto, state of Sao Paulo, Brazil [Insecticide; Chemical residue; Intoxication]
650 _aDefesa vegetal
650 _aInseticida
650 _aResiduo quimico
650 _aIntoxicacao
650 _aSao Jose do Rio Preto
650 _aSao Paulo
773 0 _tRevista do Instituto Adolfo Lutz (Brazil)
_xISSN 0073-9855
_g(Jun 1981), v. 41(1) p. 9-14
_wBR8201381
909 _a202311
_bLúcia
_c55
_dLúcia Elande
942 _2AGRIS
_n0
_cANA
999 _c109054
_d109054